000 00619cam a22002052 4500
001 0000006052
005 20151217154357.0
008 070912s xx 000 0 eng d
020 _a8121902630 :
_cKES 1,240
040 _aKABU
_cKABU
245 1 0 _aAdvanced inorganic chemistry volume 1 /
_cSatya Prakash ... [et al.].
260 _aNew Delhi :
_bS. Chand,
_c2006.
300 _axvi, 1391 p.
362 0 _aVol. 1.
650 0 _aChemistry, Inorganic.
_@0000154148
700 1 _aPrakash, Satya.
_@0000154149
908 _a070912
950 _@1
999 _c10867
_d10867